[Event "Olympiad-39"]
[Site "Khanty-Mansiysk"]
[Date "2010.09.22"]
[Round "2.1"]
[White "Carlsen, Magnus"]
[Black "Galego, Luis"]
[Result "1-0"]
[WhiteElo "2826"]
[BlackElo "2500"]
[Annotator "ChessBase"]
[PlyCount "87"]
[EventDate "2010.09.21"]
[EventType "team-swiss"]
[EventRounds "11"]
[EventCountry "RUS"]
[SourceTitle "CBM 139"]
[Source "ChessBase"]
[SourceDate "2010.11.18"]
[SourceVersion "1"]
[SourceVersionDate "2010.11.18"]
[SourceQuality "1"]
[WhiteTeam "Norway"]
[BlackTeam "Portugal"]
[WhiteTeamCountry "NOR"]
[BlackTeamCountry "POR"]
[TimeControl "40/5400+30:1800+30"]

1. d4 Nf6 2. c4 e6 3. Nf3 Bb4+ 4. Bd2 Bxd2+ 5. Qxd2 d5 6. g3 O-O 7. Bg2 Nbd7 8. Qc2 c6 9. Nbd2 Qe7 10. O-O e5 11. cxd5 Nxd5 12. e4 {White's plan is to play his center majority against black's queenside majority.} N5f6 $6 ({The usual move is} 12... N5b6) 13. Rfe1 exd4 $146 ({RR} 13... Rd8 14. Rad1 exd4 15. Nxd4 Nb6 16. N2b3 Bg4 17. f3 Be6 18. Qc5 Qe8 19. e5 Nfd7 20. Qc1 Nf8 21. f4 Bxb3 22. Nxb3 Ne6 23. Rd6 Nc8 24. Rxc6 {1-0 (24) Karpov,A (2730)-Andersson,U (2625) Reykjavik 1991}) 14. e5 Nd5 15. Nxd4 N7b6 16. f4 $1 Nb4 17. Qe4 {White has achieved what he wanted and is clearly to be favored.} Rd8 18. N2f3 Bg4 19. Rad1 Bxf3 $2 {Why play this without being forced to?} 20. Bxf3 Qc5 {#} ({Black would still be in big trouble after} 20... Nxa2 21. f5 $1 Nd5 22. f6 $1 {and his position would collapse after} gxf6 $6 23. Nf5 $1 Qf8 24. Qh4 b6 25. Bxd5 Rxd5 26. Nh6+ Kh8 (26... Kg7 27. Qxf6#) 27. Qxf6+ Qg7 28. Nxf7+ Kg8 29. Qxc6) 21. e6 $1 fxe6 22. Kh1 Qd5 23. Qe3 Qxa2 24. Nxe6 Rxd1 25. Rxd1 {The threat of Qe5 is very tough to meet.} Qxb2 $2 26. Nd8 $1 {This lovely move wins by force.} Qf6 27. Qe8+ Qf8 28. Qe6+ Kh8 29. Nf7+ Kg8 {#} 30. Rd8 $1 Rxd8 31. Nxd8+ Kh8 32. Nf7+ Kg8 33. Ng5+ Kh8 34. Qe4 g6 35. Qd4+ Qg7 36. Qxb4 $2 {Winning a piece and no doubt the game, but he had a stronger continuation all the same.} (36. Qd8+ Qg8 37. Qf6+ Qg7 38. Nf7+ Kg8 39. Nh6+ $1 {Undoubtedly the move that Carlsen missed.} Qxh6 40. Bg4 $1 {and the threat of Be6 is unstoppable.}) 36... h6 37. Ne4 Nd5 38. Qa3 b5 39. Qc5 b4 40. Qxc6 Qa1+ 41. Kg2 Ne3+ 42. Kf2 Qd4 43. Qe8+ Kg7 44. Qe7+ 1-0

[Event "Olympiad-39"]
[Site "Khanty-Mansiysk"]
[Date "2010.09.24"]
[Round "4.1"]
[White "Jobava, Baadur"]
[Black "Carlsen, Magnus"]
[Result "1-0"]
[WhiteElo "2710"]
[BlackElo "2826"]
[Annotator "Krasenkow,Michal"]
[PlyCount "127"]
[EventDate "2010.09.21"]
[EventType "team-swiss"]
[EventRounds "11"]
[EventCountry "RUS"]
[SourceTitle "CBM 139"]
[Source "ChessBase"]
[SourceDate "2010.11.18"]
[SourceVersion "1"]
[SourceVersionDate "2010.11.18"]
[SourceQuality "1"]
[WhiteTeam "Georgia"]
[BlackTeam "Norway"]
[WhiteTeamCountry "GEO"]
[BlackTeamCountry "NOR"]

1. d4 Nf6 2. c4 e6 3. Nc3 Bb4 4. a3 Bxc3+ 5. bxc3 Nc6 {A rare continuation (with the idea of ...e6-e5), to which White replies with a genuine novelty on move 6!} 6. e4 $5 $146 {[%mdl 8] Practice had seen:} (6. Bg5 e5 $5 7. e3 h6 8. Bh4 Qe7 9. Nf3 d6 10. Be2 g5 11. Bg3 Ne4 12. Rc1 f5 {(..) 1/2 Stahlberg,G-Porat,Y/Warsaw 1935/EXT 2004}) (6. Nf3 d6 $5 7. Nd2 e5 8. e4 $6 exd4 9. cxd4 Nxd4 10. Bb2 Ne6 11. Bd3 b6 12. O-O Bb7 13. Re1 O-O $15 {1/2 Kuzminykh,E-Bronstein,D/Leningrad 1970/EXT 2001 (25)}) (6. e3 $5 e5 7. Bd3 O-O {leads to a position from the 5...0-0 system}) (6. f3 e5 (6... d6 7. e4 O-O {leads to the 5...0-0 system}) (6... b6 7. e4 Ba6 {leads to a popular position from the 5...b6 system (6.f3 Ba6 7.e4 Nc6).}) 7. e4 d6 8. Be3 b6 9. Bd3 Na5 10. Ne2 Ba6 11. Ng3 h6 (11... O-O $142 {- 5...0-0}) 12. O-O Qd7 13. Qe2 O-O-O $6 14. Nf5 $1 Rh7 15. c5 $1 $16 {1-0 Lazarev,E-Romantchouk,J/Ternopol 1964/EXT 1999 (22)}) 6... Nxe4 7. Qg4 f5 (7... Nf6 8. Qxg7 Rg8 9. Qh6 e5 $5 {needs testing.}) 8. Qxg7 Qf6 9. Qxf6 Nxf6 {This position presents a typical positional conflict: White has a bishop pair with an asymmetrical pawn structure (which should favour him) but his own pawn chain is damaged (doubled pawns). Such positions are very hard to evaluate; usually the better player prevails.} 10. Nf3 $146 ({RR} 10. Be2 Rg8 11. Nf3 d6 12. O-O Bd7 13. d5 Ne5 14. Nd4 exd5 15. cxd5 Nxd5 16. Bh5+ Ng6 17. Re1+ Kf7 18. Bf3 Nxc3 19. Bxb7 Rab8 20. Bf3 Rge8 21. Bd2 Ne4 22. Bh6 c5 23. Ne2 d5 24. Nf4 d4 {Meessen,R (2214)-Vernacki,S (2283) Germany GER 2025 0-1 (33)}) 10... b6 11. d5 $5 {A curious pawn sacrifice, which Black, however, rejects.} Na5 (11... exd5 12. cxd5 Nxd5 13. Bd3 $5 (13. Bc4 Nce7) 13... O-O 14. Bc4 Nce7 15. Bg5 Kg7 16. O-O-O $44) 12. Nd4 Kf7 13. dxe6+ dxe6 14. Bf4 Ba6 {Black keeps the tension. He had a good chance to simplify the game:} (14... e5 $1 15. Bxe5 Re8 16. f4 Ng4 17. O-O-O (17. Be2 Nxe5 18. fxe5 Rxe5 19. O-O c5 $1 20. Bf3 Rb8 21. Nb5 Kf6 22. Nxa7 Bb7 $15) (17. Nf3 Nc6 $15) 17... Nf2 $1 (17... Nxe5 18. fxe5 Rxe5 19. Bd3 $36 {[%csl Rf7]}) 18. Be2 Nxh1 19. Bh5+ Kf8 20. Rxh1 Bd7 $1 (20... Re7 $143 21. Bf3 Bb7 22. Bxb7 Nxb7 23. Nxf5 $44) 21. Bxe8 Rxe8 $15 {/=}) 15. Nf3 Ne4 16. Ne5+ Kf6 17. f3 (17. h4 $5 Nxc3 18. Rh3 Ne4 19. Re3 $44 {[%cal Yg2g4]}) 17... Nd6 18. O-O-O Rhd8 $6 {Again avoiding drawish lines like} (18... Naxc4 19. Nxc4 (19. Rxd6 Nxe5 $1 20. Bxe5+ Kxe5 21. Rc6 Bxf1 22. Rxf1 Kf6 23. Re1 Rae8 24. Rxc7 Re7 25. Rc6 h5 $11) 19... Bxc4 (19... Nxc4 20. Rd4 e5 21. Bxc4 Bxc4 22. Rxc4 exf4 $11) 20. Rxd6 $1 Bxf1 21. Rd7 Bb5 22. Rxc7 Rac8 $11) (18... Ndxc4 $6 19. Bxc4 Nxc4 20. Rhe1 Nd6 21. Nc6 $44) (18... Bxc4 $6 19. Rxd6 cxd6 20. Nxc4 Nxc4 21. Bxc4 Rac8 22. Bb3 Rxc3+ 23. Kb2 Rd3 24. Rc1 $132) ({To complicate the game,} 18... Rhg8 $5 {was probably more appropriate; if} 19. h4 {then} Bxc4 {gains in strength.}) ({Or the mysterious} 18... Rac8 $5 19. c5 Bxf1 20. Rhxf1 Nb3+ 21. Kc2 Nxc5 22. Rfe1 $44) 19. h4 $1 {[%mdl 160] Now White obtains pressure on the kingside.} Nf7 20. Nd7+ Kg7 (20... Ke7 $2 21. Bg5+ $1 Nxg5 22. hxg5 $16) 21. Rh3 $1 (21. g4 $5 Bxc4 22. Bh3 $36) 21... Kh8 $1 22. Bg5 $6 (22. Bxc7 $142 Rdc8 23. Bf4 Nxc4 24. Rd4 $1 $16 {[%cal Yh3g3]} (24. Rg3 e5 $1 25. Nxe5 Nfxe5 26. Bxe5+ Nxe5 27. Bxa6 Rxc3+ $11) 24... e5 $140 $2 25. Bxc4 $1 Bxc4 26. Nxe5 $18) 22... Nxg5 23. hxg5 Kg7 (23... Bxc4 24. g6 (24. Nf6 Rxd1+ 25. Kxd1 Kg7 26. Rxh7+ Kg6) (24. Bxc4 $5 Nxc4 25. f4 Kg7 26. Rh6 $16 {-23...Kg7}) 24... h6 $1 25. Bxc4 Nxc4 26. Rxh6+ Kg7 27. Rh7+ Kxg6 28. Rdh1 $40) 24. Rh6 $1 Bxc4 25. Bxc4 Nxc4 26. Rdh1 (26. f4 $5) 26... Rh8 27. f4 $6 (27. Rxe6 Rae8 28. Rc6 Re7 (28... Nxa3 29. Nf6 $16 Re7 $140 30. Nd5 Rd7 31. Nxc7 $18 {[%cal Rc1b2]}) 29. Nf6 Ne5 30. Nh5+ Kf8 31. Rf6+ $1 Rf7 32. Rh6 $16 {[%cal Yh5f4]}) 27... c5 $6 (27... Rad8 $142 28. Nf6 c5 (28... Rd3 $2 29. Rxh7+ Rxh7 30. Rxh7+ Kg6 31. Rh6+ Kf7 32. Nh5 {[%cal Rg5g6]} Rxc3+ 33. Kb1 Rb3+ 34. Kc2 $18) 29. Rxh7+ $140 ({maybe it is better not to hurry:} 29. a4) 29... Rxh7 30. Rxh7+ Kg6 31. Rh6+ Kf7 32. Nh5 Rg8 $1 {- Black holds on.}) 28. Rxe6 Rae8 29. Rxh7+ (29. Rxe8 $5 {was also good:} Rxe8 30. Nf6 Re3 (30... Rh8 31. Rh6 {etc.}) 31. Rxh7+ Kg6 32. Rh6+ Kf7 33. Nh5 Kg8 34. Rg6+ (34. g6 Re1+ 35. Kc2 Re6 $1 {-that's the point!}) 34... Kf8 35. Rf6+ Kg8 (35... Ke7 36. g6) 36. g6 {[%cal Rg6g7]} Re1+ $8 37. Kc2 Rh1 38. Ng3 Ne3+ 39. Kd3 Nd5 40. Rc6 $1 Rd1+ 41. Kc4 Ne3+ 42. Kb5 $18) 29... Rxh7 30. Rxe8 {[%mdl 4096]} Kf7 (30... Nxa3 31. Ne5 {[%cal Yg2g4]}) (30... Rh1+ 31. Kc2 Nxa3+ 32. Kb3 Nb1 33. Re7+ $18) 31. Ra8 Rh1+ 32. Kc2 a5 (32... Nxa3+ 33. Kb3 Nb5 34. Ne5+ Kg7 (34... Ke7 35. g6 Kf6 36. Rf8+ Kg7 37. Rf7+ Kh8 38. g4 $1 $18) 35. g4 $1 fxg4 36. f5 {, and White's connected passed pawns decide the game.}) (32... Ke6 33. Ne5 $1 Nxe5 34. Re8+ $18 {e.g.} Kd5 35. Rxe5+ Kc4 36. g4 $1 fxg4 37. g6 Rh8 38. g7 Rg8 39. Rg5 b5 40. Kd2 a5 41. Rxg4 Kd5 42. Kd3 $18 {}) 33. Ra7 (33. Kd3 $142 $1 b5 (33... Nb2+ 34. Ke2 Nc4 35. Rf8+ Ke7 36. g6 $18) 34. Ra7) 33... Nxa3+ 34. Kd2 $1 Rh2 $2 (34... Nb5 35. Rb7 Nd6 {was the last chance. A possible line:} 36. Ne5+ Kg8 37. Rxb6 Ne4+ 38. Kd3 Rd1+ (38... Rc1 39. Kc4 {[%cal Yc4d5,Yd5e6]} a4 40. Rb8+ Kg7 41. Rb7+ Kg8 42. Ra7 Nxc3 43. g3 $22 Kf8 (43... a3 44. Nd3 Rc2 45. Kb3) 44. Ng6+ Ke8 45. Nh4 Ne4+ 46. Kd5 Nxg3 47. Rxa4 $18) (38... a4 39. Kc4) 39. Kc4 Nd6+ 40. Kxc5 Ne4+ 41. Kb5 Nxc3+ (41... Rb1+ 42. Kxa5 Rxb6 43. Kxb6 Nxc3 44. Kc6 $18) 42. Kc6 Ne2 43. Rb8+ Kg7 44. Rb7+ Kg8 45. Ng6 Rd4 46. Ne7+ Kf8 47. g6 Rb4 48. Ra7 Nxf4 49. g3 $1 Ne6 50. Nd5 {, and White should win.}) 35. Nxb6+ Kg6 36. Rxa5 Rxg2+ 37. Kd1 Nb1 (37... Nc2 38. Nd5) 38. Rxc5 {, and White converted his material advantage without major problems:} Nd2 39. Nd5 Ne4 40. Rc6+ Kf7 41. Ne3 Rg3 42. Ke2 Ke8 43. Re6+ Kf7 44. Re5 Nxc3+ 45. Kf2 Rh3 46. Rxf5+ Kg6 47. Rf6+ Kg7 48. Nf5+ Kg8 49. Kg2 Rd3 50. Rd6 Ne2 51. Rg6+ Kh8 52. Rh6+ Kg8 53. Ne7+ Kf7 54. Ng6 Kg7 55. Kf2 Nc3 56. Ne7 Ne4+ 57. Ke2 Ra3 58. Nf5+ Kg8 59. Re6 Nc3+ 60. Kf3 Nd5+ 61. Kg4 Ra1 62. Re5 Rg1+ 63. Kf3 Rf1+ 64. Kg2 1-0

[Event "Nanjing Pearl Spring 3rd"]
[Site "Nanjing"]
[Date "2010.10.26"]
[Round "6"]
[White "Bacrot, Etienne"]
[Black "Carlsen, Magnus"]
[Result "1/2-1/2"]
[WhiteElo "2716"]
[BlackElo "2826"]
[Annotator "Moradiabadi,Elshan"]
[PlyCount "96"]
[EventDate "2010.10.20"]
[EventType "tourn"]
[EventRounds "10"]
[EventCountry "CHN"]
[EventCategory "21"]
[SourceTitle "CBM 139"]
[Source "ChessBase"]
[SourceDate "2010.11.18"]
[SourceVersion "1"]
[SourceVersionDate "2010.11.18"]
[SourceQuality "1"]

{This was the most exciting game of the day. The battle between the leader and his closest rival was on its way to being Bacrot's 4th consecutive win, but Carlsen, in spite of early mistakes, remained tough. This may have discouraged Bacrot, whose inaccuracies made his task more difficult and in the end he prematurely accepted the draw.} 1. d4 Nf6 2. c4 e6 3. Nf3 b6 4. g3 Ba6 5. Nbd2 {An odd choice by Bacrot, but he has proved he knows what he is doing in this event. His games against Anand and Wang Yue are testimony of this.} d5 6. Bg2 Bd6 {A risky decision by Carlsen. The upcoming e4 would cause the bishop on d6 some discomfort due to the fork threat of e5.} 7. b3 O-O 8. O-O c5 9. e4 dxe4 {The retreat of the bishop to e7 has been played quite a few times which may be considered one reason why ...d6 is inaccurate. Carlsen wants to prove that he stands on solid ground!} 10. Ng5 Nc6 11. dxc5 $1 {Accurate play by Bacrot. He does not fall into such traps.} (11. Ndxe4 {is a mistake due to} Nxd4 {and black is ready to offer his rook for white's light-squared bishop.}) 11... Bxc5 12. Ndxe4 Qxd1 $146 ({RR} 12... Bd4 13. Rb1 e5 14. Ba3 Nxe4 15. Nxe4 Ne7 16. Qc2 Rb8 17. Rbd1 h6 18. Bd6 Qe8 19. Bxb8 Qxb8 20. Kh1 Bc8 21. Qe2 Rd8 22. f4 f5 23. fxe5 Qxe5 24. Nc3 Rf8 25. Rxd4 {1-0 (25) Savon,V (2429)-Kalugin,S (2455) Kharkov 2000}) ({RR} 12... Rc8 13. Bb2 Nxe4 14. Nxe4 Bd4 15. Qe2 f5 16. Rad1 e5 17. Nc3 Qd6 18. Nb5 Bxb5 19. cxb5 Nb4 20. Rd2 Rfd8 21. Rfd1 Qf6 22. Bxd4 exd4 23. Rxd4 Rxd4 24. Rxd4 Qxd4 25. Qe6+ Kf8 26. Qxc8+ Ke7 27. Qxf5 {Rogers,J (2338)-Greet,A (2451) England 2011 1-0 (48)}) 13. Rxd1 {White has achieved a lot of advantages within just 13 moves. From now on, the world number one has to defend a worse position with no hopes to win.} Rad8 14. Rxd8 Rxd8 15. Nxc5 Rd1+ 16. Bf1 bxc5 17. Bb2 Rxa1 18. Bxa1 {The bishop pair seems to be the main theme in today's game. We should add that although the better pawn structure also offers Bacrot good winning chances, one should not forget that the c5-a7 set up is the best way to stop White's threats and is Black's main hope to hold.} Nd7 19. f4 Bb7 20. Kf2 Nd8 21. Bd3 f5 22. Nf3 Nf7 23. a3 g6 24. Be2 Kf8 25. b4 Ke7 26. Ke3 Bxf3 $1 27. Bxf3 {A paradoxical but correct decision. Though the position is still much better for White, his light squared bishop has few targets to attack now. As a result this should provoke White to push his pawns on both sides which would favor the bishops but in the meantime it would also reduce the material on the board.} Kd6 28. Bg7 Kc7 29. Kd2 Nd6 30. Kd3 Nc8 31. Kc3 Ncb6 32. Bd1 Nc8 33. Bf3 Nd6 34. Kd3 Nc8 35. h4 Nd6 36. Bc3 Nf7 37. h5 Kd6 {White is much better here, however I personally cannot see a direct plan for white to penetrate in black's fortress. I would like to leave the rest to ChessBase's endgame expert GM Karsten Muller.} 38. Ke3 Kc7 39. Bg7 Nd6 40. hxg6 hxg6 41. Kd3 Nf7 42. Bc3 Kd6 43. Ke3 g5 44. Bh5 gxf4+ 45. gxf4 Nd8 46. Be2 Kc7 47. Kd3 Kd6 48. Ke3 Kc7 {Though White's advantage has shrunk, he could still push with no risk of losing.} 1/2-1/2

[Event "Nanjing Pearl Spring 3rd"]
[Site "Nanjing"]
[Date "2010.10.28"]
[Round "8"]
[White "Wang, Yue"]
[Black "Carlsen, Magnus"]
[Result "1/2-1/2"]
[WhiteElo "2732"]
[BlackElo "2826"]
[Annotator "Edouard,Romain"]
[PlyCount "56"]
[EventDate "2010.10.20"]
[EventType "tourn"]
[EventRounds "10"]
[EventCountry "CHN"]
[EventCategory "21"]
[SourceTitle "CBM 139"]
[Source "ChessBase"]
[SourceDate "2010.11.18"]
[SourceVersion "1"]
[SourceVersionDate "2010.11.18"]
[SourceQuality "1"]
[TimeControl "40/7200:20/3600:900+30"]

1. d4 {Moradiabadi/Mueller,Kar} Nf6 2. c4 e6 3. g3 Bb4+ 4. Bd2 Bxd2+ 5. Qxd2 d5 {This line is secondary but known as very solid for Black.} 6. Bg2 c6 7. Nf3 Nbd7 8. O-O b6 9. Rc1 O-O ({RR} 9... Bb7 10. Ne5 Nxe5 11. dxe5 Nd7 12. f4 O-O 13. cxd5 cxd5 14. Na3 a5 15. Nb5 Nc5 16. Rc2 f6 17. Qe3 fxe5 18. Qxe5 Rf5 19. Qd6) 10. cxd5 cxd5 11. Nc3 ({RR} 11. Na3 Bb7 12. Nb5 a6 13. Nd6 Qb8 ({RR} 13... Ne4 14. Nxb7 Nxd2 ({RR} 14... Qb8 15. Qf4) 15. Nxd8 Nxf3+ 16. Bxf3 Rfxd8 17. Rc7 Nf6 18. Rac1) 14. Qb4 a5 15. Qa3 Ba6 16. Ne5 b5 17. Qxa5 ({RR} 17. Rc6 b4 18. Qe3 Bb7 19. Nxd7 Nxd7 20. Nxb7 Qxb7 21. Rac1 Rfc8 22. R6c2 Rxc2 23. Rxc2 Rc8) 17... Qxd6 18. Rc6 Qb8 19. Rxa6 Rxa6 20. Qxa6 Nxe5 21. dxe5 Qxe5 22. Qxb5 Rb8 23. Qd3 Rxb2 24. Qe3 Qxe3 25. fxe3 Rxe2 {Kramnik,V (2784)-Carlsen,M (2814) Wijk aan Zee 2011 CBM 141 [Moradiabadi/Mueller,Kar] 0-1 (85)}) 11... Ba6 12. a4 Rc8 (12... Bc4 13. Nb5 Qe7 14. Na3 Ne4 15. Qd1 Ba6 16. Nb5 Bxb5 17. axb5 Qb4 18. Qa4 Qxa4 19. Rxa4 Nd6 20. Rc7 Rfd8 21. Raxa7 Rxa7 22. Rxa7 Nxb5 23. Ra1 Kf8 24. e3 Rc8 25. Bf1 Nd6 26. Bd3 {½-½ Portisch,L (2635)-Spassky,B (2560)/Reykjavik 1988}) 13. Nb5 Ne4 $146 ({RR} 13... Rxc1+ 14. Rxc1 Bxb5 15. axb5 Ne4 16. Qf4 Ndf6 17. Ne5 Nd6 18. Nc6 Qd7 19. Nxa7 Nxb5 20. Nxb5 Qxb5 21. Qd2 Qa6 22. Bf1 Rc8 23. e4 Rxc1 24. Qxc1 Qb7 25. e5 Nd7 26. Bb5 Nf8 27. h4 Qa7 28. Qc3 {Chadaev,N (2577)-Grigoriants,S (2562) Moscow 2011 ½-½ (54)}) 14. Qf4 Qe7 15. Rc7 Bxb5 16. axb5 Nd6 17. Qc1 Rxc7 18. Qxc7 Rc8 19. Qxa7 Qd8 20. Qa4 h6 21. Qb4 Qf8 {White is up a pawn but it is very hard to improve something. Still, the next moves seems not to be accurate, giving Black a chance to draw at once.} 22. b3 $6 ({Something like} 22. e3 $5 {followed by b3 should be normal, though we trust Magnus should draw this! Probably Wang Yue was also not eagering to go desperately for a win, as he suffered a little bit in his last games.}) 22... Ne4 23. Qxf8+ Kxf8 24. Ne5 Nxe5 25. Bxe4 dxe4 26. dxe5 Rc5 27. Ra8+ Ke7 28. Ra7+ Kf8 1/2-1/2

[Event "Nanjing Pearl Spring 3rd"]
[Site "Nanjing"]
[Date "2010.10.29"]
[Round "9"]
[White "Topalov, Veselin"]
[Black "Carlsen, Magnus"]
[Result "0-1"]
[WhiteElo "2803"]
[BlackElo "2826"]
[Annotator "Edouard,Romain"]
[PlyCount "66"]
[EventDate "2010.10.20"]
[EventType "tourn"]
[EventRounds "10"]
[EventCountry "CHN"]
[EventCategory "21"]
[SourceTitle "CBM 139"]
[Source "ChessBase"]
[SourceDate "2010.11.18"]
[SourceVersion "1"]
[SourceVersionDate "2010.11.18"]
[SourceQuality "1"]
[TimeControl "40/7200:20/3600:900+30"]

1. d4 {Moradiabadi/Mueller,Kar} Nf6 2. c4 e6 3. g3 Bb4+ 4. Bd2 Bxd2+ 5. Qxd2 d5 6. Bg2 c6 7. Nf3 Nbd7 8. O-O ({RR} 8. Qc2 Qe7 9. Nbd2 e5 10. cxd5 Nxd5 11. Nxe5 Nxe5 12. dxe5 Qxe5 13. Nc4 Qe7 14. Bxd5 cxd5 15. Ne3 Qe4 16. O-O O-O 17. Rfd1 Be6 18. Qxe4 dxe4 19. g4 f5 20. gxf5 Bxf5 21. Rd4 Rae8 22. Rc1 Re7 {Vergara Anton,D (2442)-Voloshin,L (2379) Legnica POL 2025 ½-½}) 8... b6 9. Rc1 O-O ({RR} 9... Bb7 10. Ne5 Nxe5 11. dxe5 Nd7 12. f4 O-O 13. cxd5 cxd5 14. Na3 a5 15. Nb5 Nc5 16. Rc2 f6 17. Qe3 fxe5 18. Qxe5 Rf5 19. Qd6) 10. b4 $146 (10. cxd5 cxd5 11. Nc3 Ba6 12. a4 Rc8 13. Nb5 Ne4 14. Qf4 Qe7 15. Rc7 Bxb5 16. axb5 Nd6 17. Qc1 Rxc7 18. Qxc7 Rc8 19. Qxa7 Qd8 20. Qa4 h6 21. Qb4 Qf8 22. b3 Ne4 23. Qxf8+ Kxf8 24. Ne5 Nxe5 25. Bxe4 dxe4 26. dxe5 Rc5 27. Ra8+ Ke7 28. Ra7+ Kf8 {½-½ Wang,Y (2732)-Carlsen,M (2826)/Nanjing/China 2010}) ({RR} 10. cxd5 cxd5 11. Na3 Bb7 12. Nb5 a6 13. Nd6 Qb8 ({RR} 13... Ne4 14. Nxb7 Nxd2 ({RR} 14... Qb8 15. Qf4) 15. Nxd8 Nxf3+ 16. Bxf3 Rfxd8 17. Rc7 Nf6 18. Rac1) 14. Qb4 a5 15. Qa3 Ba6 16. Ne5 b5 17. Qxa5 ({RR} 17. Rc6 b4 18. Qe3 Bb7 19. Nxd7 Nxd7 20. Nxb7 Qxb7 21. Rac1 Rfc8 22. R6c2 Rxc2 23. Rxc2 Rc8) 17... Qxd6 18. Rc6 Qb8 19. Rxa6 Rxa6 20. Qxa6 Nxe5 21. dxe5 Qxe5 22. Qxb5 Rb8 23. Qd3 Rxb2 24. Qe3 Qxe3 {Kramnik,V (2784)-Carlsen,M (2814) Wijk aan Zee 2011 CBM 141 [Moradiabadi/Mueller,Kar] 0-1 (85)}) ({RR} 10. cxd5 cxd5 11. Na3 Ba6 12. Ne5 Nxe5 13. dxe5 Nd7 14. f4 Rc8 15. Rxc8 Qxc8 16. Rc1 Qd8 17. Nc2 Nb8 18. Nd4 Qe7 19. f5 exf5 20. e6 Bb7 21. Nxf5 Qxe6 22. Qg5 g6 23. Bh3 Qxe2 24. Nh6+ {½-½ (24) Nogueiras Santiago,J (2545)-Andersson,U (2575) Sarajevo 1985}) 10... Bb7 11. Qb2 Rb8 $146 12. Nbd2 Qe7 13. e3 Rfc8 14. Rc2 c5 15. bxc5 bxc5 16. Qa3 Rc6 17. Rac1 Ra6 18. Qd3 h6 19. Qe2 dxc4 20. Qxc4 cxd4 (20... Rc8 $5 {might be a better try to equalize.}) 21. Nxd4 Rb6 22. Bxb7 R8xb7 {Things have been going fine for Topalov who enjoys a small plus. But suddenly the situation will change hardly!} 23. Kg2 (23. Qf1 $5 {is given best by several engines, with ideas line:} Rb2 24. Rc8+ Kh7 $2 25. Qd3+ (25. Nc4 Rxa2 26. Rb1 $1 $18) 25... g6 26. Nc6 $18) (23. N2b3 $5 {would also be quite logical.}) 23... Ne5 24. Qc5 $2 {The real mistake, although White's avdantage are more or less disappeared with 23.Kg2. It is clear that Topalov is out of form and is playing much under his real level.} Qxc5 25. Rxc5 Rb2 {Now Black is better.} 26. R1c2 Nd3 $1 27. Rc8+ Kh7 28. N4f3 a5 {This pawn is supposed to bring the victory later, so it's quite logical to push it! Still, this doesn't look like a real winning plan, while it looks like Black had a much stronger possibility right now.} (28... Ng4 $1 29. Nb3 Rxc2 (29... Rb8 $5 {is a funny possibility, probably about equivalent to 29...Rxc2, but I quote it simply because I love this move!}) 30. Rxc2 Rb4 $5 31. h3 Ngxf2 32. Rxf2 Nxf2 33. Kxf2 Ra4 {is another idea - more direct let's say. This should be winning for Black. Very often, two knights "alone" are a bad sign for the endgame.}) 29. h3 a4 30. a3 g5 31. Rxb2 $6 ({After} 31. g4 {I feel like Black should be slightly better, but all engines insist with a 0.00 evaluation. After playing a match against Rybka and not winning a single game (no, I'm joking, I didn't play but just guessed the result), I believe White should be able to draw...}) 31... Rxb2 32. Rc3 $4 {Woah! An hallucination, I guess.} Nxf2 33. Rc7 (33. Kxf2 Ne4+ $19) 33... N2e4 0-1